000 00365nam a22001457a 4500
005 20180308114707.0
008 170726b xxu||||| |||| 00| 0 eng d
022 _a05788072
040 _cPK-LaUMT
082 _aZIAC 297.05
_bISL-
245 _aIslamic studies(Vol 51 , No. 4)/
260 _aIslamabad:
_bIslamic institute,
_c2012
300 _a496 p.
942 _cBK
999 _c95733
_d95733